Porovnanie podnikateľského prostredia krajín V4 na základe vybraných indexov

Prvky a charakteristické  črty podnikateľského prostredia štyroch ekonomík Vyšehradskej skupiny, Českej republiky, Maďarska, Slovenskej a Poľskej republiky. Komplexná analýza politík, ekonomických, kultúrnych a inštituciálnych podmienok bola vykonaná na základe šiestich vybraných svetových indexov,...

Ausführliche Beschreibung

Gespeichert in:
Bibliographische Detailangaben
1. Verfasser: Karelová, Klaudia
Format: Buchkapitel
Sprache:Slowakisch
Schlagworte:
Tags: Tag hinzufügen
Keine Tags, Fügen Sie das erste Tag hinzu!

MARC

LEADER 00000naa a2200000 4500
001 0228606
005 20240502073747.3
041 0 |a slo 
044 |a SK 
245 1 0 |a Porovnanie podnikateľského prostredia krajín V4 na základe vybraných indexov  |c Klaudia Karelová 
520 |a Prvky a charakteristické  črty podnikateľského prostredia štyroch ekonomík Vyšehradskej skupiny, Českej republiky, Maďarska, Slovenskej a Poľskej republiky. Komplexná analýza politík, ekonomických, kultúrnych a inštituciálnych podmienok bola vykonaná na základe šiestich vybraných svetových indexov, ktoré sa zaoberajú predovšetkým oblasťou podnikania, korupcie, konkurencieschopnosti a ekonomickej slobody. Tri metódy zistenia výsledkov výskumu, t. j. ktorá krajina ponúka najvýhodnejšie podmienky pre svojich podnikateľov a spoločnosti. 
610 2 0 |a prostredie podnikateľské 
610 2 0 |a Vyšehradská štvorka 
610 2 0 |a analýza komparatívna 
610 2 0 |a konkurencieschopnosť 
100 1 |a Karelová, Klaudia